书目信息 |
| 题名: |
中国建筑简史
|
|
| 作者: | 沈福煦 著 | |
| 分册: | ||
| 出版信息: | 上海 上海人民美术出版社 2007.04 |
|
| 页数: | 115页 | |
| 开本: | 25cm | |
| 丛书名: | 中国高等院校建筑学科系列教材 | |
| 单 册: | ||
| 中图分类: | TU-092 | |
| 科图分类: | ||
| 主题词: | 建筑史--jian zhu shi--高等学校--中国--教材 | |
| 电子资源: | ||
| ISBN: | 978-7-5322-5106-3 | |
| 000 | 00984nam 2200253 450 | |
| 001 | 012008710826 | |
| 005 | 20080428101308.93 | |
| 010 | @a978-7-5322-5106-3@dCNY20.00 | |
| 100 | @a20080428d2007 em y0chiy0120 ea | |
| 101 | 0 | @achi |
| 102 | @aCN@b310000 | |
| 105 | @aa z 000yy | |
| 106 | @ar | |
| 200 | 1 | @a中国建筑简史@Azhong guo jian zhu jian shi@f沈福煦著@Fshen fu xu zhu |
| 210 | @a上海@c上海人民美术出版社@d2007.04 | |
| 215 | @a115页@c图@d25cm | |
| 225 | 2 | @a中国高等院校建筑学科系列教材@Azhong guo gao deng yuan xiao jian zhu xue ke xi lie jiao cai |
| 330 | @a本书以索引的方式入手介绍中国建筑的发展历史以及经历的变化、原因等内容,以审视者的角度对中国建筑历史进行系统性的总结,并对中国现当代建筑和未来建筑的发展进行了评价和展望。 | |
| 410 | 0 | @12001 @a中国高等院校建筑学科系列教材 |
| 606 | 0 | @a建筑史@Ajian zhu shi@x高等学校@y中国@j教材 |
| 690 | @aTU-092@v4 | |
| 701 | 0 | @a沈福煦@Ashen fu xu@4著 |
| 801 | 0 | @aCN@bQSSK@c20080428 |
| 905 | @b297898-900@dTU-092@eS397@f3 | |
| 中国建筑简史/沈福煦著.-上海:上海人民美术出版社,2007.04 |
| 115页:图;25cm.-(中国高等院校建筑学科系列教材) |
| ISBN 978-7-5322-5106-3:CNY20.00 |
| 本书以索引的方式入手介绍中国建筑的发展历史以及经历的变化、原因等内容,以审视者的角度对中国建筑历史进行系统性的总结,并对中国现当代建筑和未来建筑的发展进行了评价和展望。 |
| ● |
| 相关链接 |
|
|
|
正题名:中国建筑简史
索取号:TU-092/S397
 
预约/预借
| 序号 | 登录号 | 条形码 | 馆藏地/架位号 | 状态 | 备注 |
| 1 | 297898 | 202978983 | 建筑库101/101建筑库 5排3列3层/ [索取号:TU-092/S397] | 在馆 | |
| 2 | 297899 | 202978992 | 建筑库101/101建筑库 5排3列3层/ [索取号:TU-092/S397] | 在馆 | |
| 3 | 297900 | 202979009 | 建筑库101/ [索取号:TU-092/S397] | 在馆 |